The geology of the Equinox quadrangle and vicinity, Vermont, (Record no. 29632)

MARC details
000 -LEADER
fixed length control field 01007cam a22002651 4500
001 - CONTROL NUMBER
control field gs 62000214
003 - CONTROL NUMBER IDENTIFIER
control field DLC
005 - DATE AND TIME OF LATEST TRANSACTION
control field 20260227111411.0
008 - FIXED-LENGTH DATA ELEMENTS--GENERAL INFORMATION
fixed length control field 760622s1961 xx 000 0 eng
010 ## - LIBRARY OF CONGRESS CONTROL NUMBER
LC control number gs 62000214
035 ## - SYSTEM CONTROL NUMBER
System control number (OCoLC)2272858
040 ## - CATALOGING SOURCE
Original cataloging agency DLC
Transcribing agency MeU-P
Modifying agency DLC
042 ## - AUTHENTICATION CODE
Authentication code premarc
050 00 - LIBRARY OF CONGRESS CALL NUMBER
Classification number QE171
Item number .A3 no. 18
100 1# - MAIN ENTRY--PERSONAL NAME
Personal name Hewitt, Philip Cooper,
Dates associated with a name 1925-
245 14 - TITLE STATEMENT
Title The geology of the Equinox quadrangle and vicinity, Vermont,
Statement of responsibility, etc. by Philip C. Hewitt. With data on the Green Mountains section provided by Richard F. LaBrake.
260 ## - PUBLICATION, DISTRIBUTION, ETC.
Place of publication, distribution, etc. Montpelier,
Name of publisher, distributor, etc. Vermont Development Dept.,
Date of publication, distribution, etc. 1961.
300 ## - PHYSICAL DESCRIPTION
Extent 83 p.
Other physical details illus. (part col.) maps (part col.) diagrs., tables.
Dimensions 23 cm.
500 ## - GENERAL NOTE
General note Part of illustrative matter folded in pocket.
504 ## - BIBLIOGRAPHY, ETC. NOTE
Bibliography, etc. note Bibliography: p. 81-83.
650 #0 - SUBJECT ADDED ENTRY--TOPICAL TERM
Topical term or geographic name entry element Geology
Geographic subdivision Vermont
-- Equinox quadrangle.
700 1# - ADDED ENTRY--PERSONAL NAME
Personal name LaBrake, Richard F.
740 0# - ADDED ENTRY--UNCONTROLLED RELATED/ANALYTICAL TITLE
Uncontrolled related/analytical title Equinox quadrangle and vicinity, Vermont.
810 1# - SERIES ADDED ENTRY--CORPORATE NAME
Corporate name or jurisdiction name as entry element Vermont.
Subordinate unit State Geologist.
Title of a work Bulletin ;
Volume/sequential designation no. 18.

No items available.

Powered by Koha